| 000 | 00930nam a2200253 a 4500 | ||
|---|---|---|---|
| 001 | 000027090 | ||
| 003 | DO-SdBNP | ||
| 005 | 20240925131547.0 | ||
| 008 | 110329s1980 dr ac 000 | spa d | ||
| 020 | _a8449933528 | ||
| 040 |
_aDO-SdBNP _bspa _cBNPHU |
||
| 082 |
_aRD868.3 _bF438ó |
||
| 100 | 1 |
_aFiallo, Fabio, _d1866-1942 _934816 |
|
| 245 | 1 | 0 |
_aObras Completas / _cFabio Fiallo. |
| 260 |
_aSanto Domingo : _bEditora de Santo Domingo, _c1980. |
||
| 300 |
_a4 v. : _bil., retrs. ; _c23 cm. |
||
| 505 | 0 |
_gv. 1. _tLa canción de una vida -- _gv. 2. _tCuentos frágiles -- _gv. 3. _tNacionalismo auténtico -- _gv. 4. _tEstudios acerca de su vida y de sus obras. |
|
| 600 | 0 |
_aFIALLO, FABIO, _d1866-1942 _xCRÍTICA E INTERPRETACIÓN _928220 |
|
| 650 | 0 |
_aPoesía dominicana _966 |
|
| 650 | 0 |
_aCuentos dominicanos _9176 |
|
| 650 | 0 |
_aLiteratura dominicana. _967 |
|
| 910 | _aValidado. Control de calidad MMOLINA | ||
| 942 |
_2ddc _cLBS1 |
||
| 999 |
_c26582 _d26582 |
||